OECD economic studies <the> role of the public sector
Gespeichert in:
| 1. Verfasser: | |
|---|---|
| Weitere Verfasser: | |
| Format: | Buch |
| Sprache: | Englisch |
| Veröffentlicht: |
Paris
OECD
1985
|
| Ausgabe: | Special issue |
| Schlagworte: | |
| Tags: |
Keine Tags, Fügen Sie das erste Tag hinzu!
|
MARC
| LEADER | 00000nam a2200000 4500 | ||
|---|---|---|---|
| 001 | c119930 | ||
| 005 | 20221123135618.8 | ||
| 020 | |a 92-64-12704-6 | ||
| 022 | |a 0255-0822 | ||
| 041 | 0 | |a eng | |
| 044 | |a FR | ||
| 245 | 1 | 0 | |a OECD economic studies |b <the> role of the public sector |c Peter Saunders and Fridrich Klau |
| 250 | |a Special issue | ||
| 264 | 1 | |a Paris |b OECD |c 1985 | |
| 300 | |a 239 s. | ||
| 500 | |a Titul je od No. 34/2002 spracovaný v BD Seriály | ||
| 610 | 2 | 0 | |a sektor verejný |
| 610 | 2 | 0 | |a rast hospodársky |
| 610 | 2 | 0 | |a majetok štátny |
| 610 | 2 | 0 | |a dane |
| 610 | 2 | 0 | |a výdavky |
| 610 | 2 | 0 | |a výdavky verejné |
| 610 | 2 | 0 | |a výchova |
| 610 | 2 | 0 | |a vzdelávanie |
| 610 | 2 | 0 | |a zdravotníctvo |
| 610 | 2 | 0 | |a zdravotníctvo verejné |
| 610 | 2 | 0 | |a dôchodky |
| 610 | 2 | 0 | |a dôchodky starobné |
| 610 | 2 | 0 | |a podpory v nezamestnanosti |
| 610 | 2 | 0 | |a dávky poistenia nemocenského |
| 610 | 2 | 0 | |a svet |
| 610 | 2 | 0 | |a OECD |
| 100 | 1 | |a Saunders, Peter | |
| 700 | 1 | |a Klau, Fridrich | |